000 00574nam a22001937a 4500
003 KOHA_MİRAKIL
005 20250429160217.0
008 250429b tu ||||| |||| 00| 0 tur d
020 _a9789756186473
040 _aTR-AnABB
_btur
_cTR-AnABB
041 _atur
082 _a819.1
_bGUV 2020
100 1 _aGüven, Güler,
245 1 0 _aAli Nihad Tarlan'dan divan şiir dersleri /
_cGüler Güven
260 _aİstanbul :
_bTürk Edebiyat Vakfı Yayınları,
_c2020
300 _a262 sayfa ;
_c22 cm
650 0 0 _aOsmanlıca edebiyat, roman
942 _2ddc
_cBK
999 _c8863
_d8863
900 _bGizem YORULMAZ